Structural analysis (Record no. 7581)

MARC details
000 -LEADER
fixed length control field 00716nam a22002057a 4500
003 - CONTROL NUMBER IDENTIFIER
control field OSt
005 - DATE AND TIME OF LATEST TRANSACTION
control field 20260309034634.0
008 - FIXED-LENGTH DATA ELEMENTS--GENERAL INFORMATION
fixed length control field 260120b |||||||| |||| 00| 0 eng d
020 ## - INTERNATIONAL STANDARD BOOK NUMBER
International Standard Book Number 981-247-063-8.
040 ## - CATALOGING SOURCE
Original cataloging agency DWC-Main Lib
Transcribing agency OC
082 ## - DEWEY DECIMAL CLASSIFICATION NUMBER
Edition number 5th edition
Classification number Circ. 624.171 H624s 2003
100 ## - MAIN ENTRY--PERSONAL NAME
Personal name Hibbeler, R.
245 ## - TITLE STATEMENT
Title Structural analysis
Statement of responsibility, etc. Hibbeler, Russell C.
250 ## - EDITION STATEMENT
Edition statement 5th edition
260 ## - PUBLICATION, DISTRIBUTION, ETC.
Place of publication, distribution, etc. Singapore :
Name of publisher, distributor, etc. Pearson Education (Asia) Pte Ltd,
Date of publication, distribution, etc. c2003.
300 ## - PHYSICAL DESCRIPTION
Extent xiv, 600 pages :
Other physical details illustration ;
Dimensions 23 cm.
504 ## - BIBLIOGRAPHY, ETC. NOTE
Bibliography, etc. note Includes index.
650 ## - SUBJECT ADDED ENTRY--TOPICAL TERM
Source of heading or term Structural analysis (Engineering).
942 ## - ADDED ENTRY ELEMENTS (KOHA)
Source of classification or shelving scheme Dewey Decimal Classification
Koha item type Book Circulation
Edition 5th edition
Classification part Circ. 624.171 H624s 2003
Call number prefix Circ.
Suppress in OPAC No
952 ## - LOCATION AND ITEM INFORMATION (KOHA)
--
952 ## - LOCATION AND ITEM INFORMATION (KOHA)
--
952 ## - LOCATION AND ITEM INFORMATION (KOHA)
--
Holdings
Withdrawn status Lost status Source of classification or shelving scheme Damaged status Not for loan Home library Current library Shelving location Date acquired Source of acquisition Total Checkouts Full call number Barcode Date last seen Copy number Price effective from Koha item type Uniform Resource Identifier Cost, normal purchase price
    Dewey Decimal Classification     College Library College Library Circulation 07/18/2005 School Fund   Circ. 624.171 H624s 2003 CL42108 01/20/2026 c1 01/20/2026 BK-CIRC  
    Dewey Decimal Classification     College Library College Library Circulation 08/07/2007 School Fund   Circ. 624.171 H624s 2003 CL45018 03/09/2026 c2 03/09/2026 BK-CIRC 998.00
    Dewey Decimal Classification     College Library College Library Circulation 08/07/2007 School Fund   Circ. 624.171 H624s 2003 CL45019 03/09/2026 c3 03/09/2026 BK-CIRC 998.00